000 02749nab a2200289 a 4500
005 20250226103959.0
008 991125c2016 cl fr p o 000 0 spa d
035 _aUPN01000221599
040 _aUPN
_bspa
_cUPN
_eaacr2
049 _aART-E
100 1 _aDel Río, María Francisca
_6- delrio@mail.udp.cl
100 1 _aStrasser, Katherine
100 1 _aSusperreguy, María Inés
245 1 0 _a¿Son las habilidades matemáticas un asunto de género?: Los estereotipos de género acerca de las matemáticas en niños y niñas de Kínder, sus familias y educadoras
_h[recurso electrónico en línea]
520 3 _aEn Chile se observa una importante brecha en el logro de matemática a favor de los hombres, tanto en pruebas nacionales como internacionales. Algunas teorías plantean que al menos una parte de estas diferencias podrían ser atribuibles a estereotipos de género relativos a las habilidades matemáticas. Este estudio explora los estereotipos de género, implícitos y explícitos, de estudiantes, madres, padres y educadoras en Santiago de Chile. Participaron 180 niños y niñas de medio-bajo y alto NSE (87 niñas) de kínder, sus padres y las 19 educadoras de sus salas, pertenecientes a colegios y escuelas del área urbana de Santiago, Chile. Se aplicaron medidas de estereotipos explícitos e implícitos a los niños, madres, padres y educadoras. Los resultados mostraron que, en promedio, tanto los adultos como los niños del estudio sostienen un estereotipo que asocia la matemática con el género masculino. En el caso de los niños, los resultados de medidas implícitas mostraron que todos los niños y las niñas de NSE medio-bajo asocian la matemática con lo masculino. Las niñas de NSE alto no asocian la matemática con ningún género. Estos hallazgos sugieren que los estereotipos de género y matemática podrían constituir un factor en las brechas de género en términos de rendimiento matemático observadas en nuestro país y abren posibilidades para el desarrollo de intervenciones y políticas públicas tendientes a ofrecer iguales oportunidades de aprendizaje a niños y niñas, específicamente en los grupos de niñas y madres de NSE medio-bajo, quienes presentan de manera más intensa el estereotipo.
650 4 _912812
_aEstereotipos (Psicología social)
650 4 _aGénero
_95712
650 4 _913035
_aMatemáticas
650 4 _93961
_aRendimiento académico
653 0 _aEducación infantil
773 _gNo. 45 (2016), p. 20-53
_tCalidad en la educación
_x0717-4004
856 4 _uhttps://www.calidadenlaeducacion.cl/index.php/rce/article/view/14
856 4 _uhttps://doi.org/10.31619/caledu.n45.14
902 _aGloria Jiménez/0525
905 _aArticulo
942 _cART-E
999 _c193696
_d193696